| 000 | 00788nab a2200241 u 4500 | ||
|---|---|---|---|
| 001 | 17975 | ||
| 003 | HDC | ||
| 007 | cr bn ---aaaaa | ||
| 008 | 210225c20111129xx dr|noo 0 a eng d | ||
| 040 | _aHDC | ||
| 245 | 0 | _aAustralia: Moves to implement stunning before report | |
| 260 |
_a[No place] : _b[publisher not identified], _c2011 |
||
| 336 |
_atext _2rdacontent |
||
| 337 |
_acomputer _2rdamedia |
||
| 338 |
_aonline resource _2rdacarrier |
||
| 650 |
_aanimal welfare _9115 |
||
| 650 |
_alive export trade _917096 |
||
| 710 | _aHalal Focus | ||
| 856 | _zRequest full-text at [email protected] | ||
| 942 | _2lcc | ||
| 942 | _cNEWS | ||
| 942 | _kNWSO 006013 | ||
| 999 |
_c15291 _d15291 |
||